000 00304nam a2200133Ia 4500
005 20251222141840.0
008 251222s9999||||xx |||||||||||||| ||spa||
020 _a978-0-230-02083-2
082 _a428.1/S47
100 _aSharma, Pete
245 0 _aBlended Learning:
264 _bMacmillan
942 _cLIB
999 _c7381
_d7381